[Event "Reykjavik op"]
[Site "Reykjavik"]
[Date "2017.04.22"]
[Round "5"]
[White "Magnusson, Magnus"]
[Black "Kauch, Markus"]
[Result "1-0"]
[WhiteElo "1978"]
[BlackElo "2193"]
[PlyCount "75"]
[EventDate "2017.04.19"]
[EventType "swiss"]
[EventRounds "10"]
[EventCountry "ISL"]
[SourceTitle "CBM 178 Extra"]
[Source "ChessBase"]
[SourceDate "2017.06.22"]
[SourceVersion "1"]
[SourceVersionDate "2017.06.22"]
[SourceQuality "1"]

1. e4 c5 2. Nc3 Nc6 3. g3 g6 4. Bg2 Bg7 5. d3 d6 6. Be3 Rb8 7. Qd2 b5 8. Nf3 b4 9. Nd1 Nd4 10. Nh4 Qa5 11. 0-0 Nf6 12. f3 h6 13. f4 Ng4 14. h3 Nxe3 15. Nxe3 Bb7 16. a3 Nc6 17. axb4 Qxb4 18. c3 Qb6 19. Nd5 Qd8 20. f5 g5 21. f6 Bxf6 22. Nxf6+ exf6 23. Nf5 Ne7 24. Ne3 Bc8 25. Rxa7 0-0 26. Raa1 Kg7 27. Qf2 Ng8 28. d4 cxd4 29. cxd4 Qb6 30. Nc4 Qb4 31. Rfc1 Bd7 32. e5 fxe5 33. dxe5 dxe5 34. Nxe5 Be8 35. Rf1 Qxb2 36. Qf5 Qd4+ 37. Kh1 Rb5 38. Be4 1-0

[Event "Reykjavik op"]
[Site "Reykjavik"]
[Date "2017.04.21"]
[Round "4"]
[White "Kauch, Markus"]
[Black "Olafsson, Smari"]
[Result "1/2-1/2"]
[WhiteElo "2193"]
[BlackElo "1998"]
[PlyCount "74"]
[EventDate "2017.04.19"]
[EventType "swiss"]
[EventRounds "10"]
[EventCountry "ISL"]
[SourceTitle "CBM 178 Extra"]
[Source "ChessBase"]
[SourceDate "2017.06.22"]
[SourceVersion "1"]
[SourceVersionDate "2017.06.22"]
[SourceQuality "1"]

1. Nf3 d5 2. g3 Nf6 3. Bg2 e6 4. c4 Be7 5. 0-0 0-0 6. b3 b6 7. Bb2 Bb7 8. e3 c5 9. Nc3 Nbd7 10. Qe2 Ne4 11. cxd5 exd5 12. d3 Nxc3 13. Bxc3 Bf6 14. d4 Re8 15. Qb2 Rc8 16. Rfd1 c4 17. Nd2 cxb3 18. Qxb3 Nf8 19. a4 Qd6 20. Rdc1 g6 21. a5 Bd8 22. Bf1 Nd7 23. Bh3 f5 24. Bg2 Nf6 25. Bb4 Qd7 26. Rxc8 Qxc8 27. axb6 Bxb6 28. Qb2 Re6 29. Rc1 Rc6 30. Nb3 Rxc1+ 31. Nxc1 Ba6 32. Nb3 Bc4 33. Nc5 Ne4 34. Qa3 Kf7 35. h4 Qc7 36. Na4 Ba5 37. Nc5 Bb6 1/2-1/2

[Event "Bad Woerishofen op 28th"]
[Site "Bad Woerishofen"]
[Date "2012.03.06"]
[Round "5"]
[White "Kauch, Markus"]
[Black "Baeuml, Ulrich"]
[Result "1-0"]
[WhiteElo "2224"]
[BlackElo "2071"]
[PlyCount "81"]
[EventDate "2012.03.02"]
[EventType "swiss"]
[EventRounds "9"]
[EventCountry "GER"]
[SourceTitle "EXT 2019"]
[Source "ChessBase"]
[SourceDate "2018.10.10"]
[SourceVersion "1"]
[SourceVersionDate "2018.10.10"]
[SourceQuality "1"]

1. Nf3 c5 2. c4 Nc6 3. g3 g6 4. Bg2 Bg7 5. 0-0 e6 6. Nc3 Nge7 7. a3 0-0 8. b4 cxb4 9. axb4 d5 10. b5 Nd4 11. Nxd4 Bxd4 12. cxd5 exd5 13. e3 Bg7 14. d4 Be6 15. Ba3 Re8 16. Qb3 Rc8 17. Bb4 a6 18. bxa6 bxa6 19. Rxa6 Rc4 20. Qa3 Qc8 21. Nb5 Nf5 22. Bc5 Bf8 23. Bxf8 Rxf8 24. g4 Nh4 25. Nd6 Qd8 26. Nxc4 Nxg2 27. Ne5 Nh4 28. f4 Qc8 29. Rc6 Qb7 30. Rfc1 Ra8 31. Rb6 Qxb6 32. Qxa8+ Kg7 33. Qa2 Qb4 34. Qf2 Qa3 35. Re1 g5 36. fxg5 Ng6 37. Rb1 Nf8 38. Rf1 Qa7 39. h4 Ng6 40. Qf6+ Kg8 41. h5 1-0

[Event "Rhein Main op 10th"]
[Site "Bad Homburg"]
[Date "2007.06.07"]
[Round "2"]
[White "Hauck, Michael"]
[Black "Kauch, Markus"]
[Result "1/2-1/2"]
[WhiteElo "1634"]
[BlackElo "2230"]
[PlyCount "48"]
[EventDate "2007.06.06"]
[EventType "swiss"]
[EventRounds "7"]
[EventCountry "GER"]
[SourceTitle "EXT 2008"]
[Source "ChessBase"]
[SourceDate "2007.11.25"]
[SourceVersion "1"]
[SourceVersionDate "2007.11.25"]
[SourceQuality "1"]

1. e4 c5 2. a3 g6 3. Bc4 Bg7 4. Nf3 Nc6 5. c3 Qc7 6. d3 Nf6 7. Be3 b6 8. Qc1 h6 9. 0-0 g5 10. a4 Na5 11. Ba2 c4 12. Na3 cxd3 13. Nb5 Qb8 14. Bd4 Bb7 15. Re1 Nh5 16. Qe3 Nc6 17. e5 Nxd4 18. cxd4 Nf4 19. g3 Nd5 20. Qxd3 a6 21. Nc3 Nb4 22. Bxf7+ Kxf7 23. Qf5+ Kg8 24. e6 Qf8 1/2-1/2

[Event "Rhein Main op 10th"]
[Site "Bad Homburg"]
[Date "2007.06.07"]
[Round "3"]
[White "Kauch, Markus"]
[Black "Witt, Holger"]
[Result "1/2-1/2"]
[WhiteElo "2230"]
[BlackElo "1441"]
[PlyCount "47"]
[EventDate "2007.06.06"]
[EventType "swiss"]
[EventRounds "7"]
[EventCountry "GER"]
[SourceTitle "EXT 2008"]
[Source "ChessBase"]
[SourceDate "2007.11.25"]
[SourceVersion "1"]
[SourceVersionDate "2007.11.25"]
[SourceQuality "1"]

1. d4 e6 2. g3 Nf6 3. Bg2 d5 4. c4 c5 5. Nf3 Nc6 6. cxd5 exd5 7. Nc3 cxd4 8. Nxd4 Bb4 9. 0-0 0-0 10. Bg5 Bxc3 11. bxc3 Be6 12. Rb1 Nxd4 13. Qxd4 b6 14. Rfd1 Rc8 15. Rb4 Re8 16. e3 Rc5 17. h3 h6 18. Bxf6 Qxf6 19. Qxf6 gxf6 20. Ra4 Re7 21. Rad4 Rec7 22. Bxd5 Bxd5 23. Rxd5 Rxc3 24. R1d2 1/2-1/2

[Event "Oberliga Ost-B 0607"]
[Site "Germany"]
[Date "2007.01.07"]
[Round "9.3"]
[White "Kauch, Markus"]
[Black "Traudes, Wolfgang"]
[Result "1-0"]
[WhiteElo "2244"]
[BlackElo "2296"]
[PlyCount "65"]
[EventDate "2006.10.15"]
[EventType "team-tourn"]
[EventRounds "11"]
[EventCountry "GER"]
[SourceTitle "EXT 2008"]
[Source "ChessBase"]
[SourceDate "2007.11.25"]
[SourceVersion "1"]
[SourceVersionDate "2007.11.25"]
[SourceQuality "1"]
[WhiteTeam "Dotzheim"]
[BlackTeam "Wiesbaden"]
[WhiteTeamCountry "GER"]
[BlackTeamCountry "GER"]

1. Nf3 Nc6 2. c4 e5 3. Nc3 f5 4. d4 e4 5. Bg5 Be7 6. Bxe7 Ncxe7 7. Ng5 Nf6 8. Qb3 d5 9. e3 c6 10. cxd5 Nexd5 11. Bc4 h6 12. Nh3 g5 13. Ng1 Nb6 14. h4 g4 15. Nge2 Nxc4 16. Qxc4 Qe7 17. Nf4 Qf7 18. Qc5 Rg8 19. d5 Qf8 20. Qxf8+ Kxf8 21. dxc6 bxc6 22. 0-0-0 Ke7 23. Rd4 Rd8 24. Rc4 Rd6 25. Rc5 Be6 26. Rd1 Rxd1+ 27. Kxd1 Rd8+ 28. Kc2 Rd6 29. Ra5 Rd7 30. Re5 Rd6 31. Nxe6 Rxe6 32. Rxf5 Rd6 33. Ra5 1-0

[Event "Oberliga Ost-B 0607"]
[Site "Germany"]
[Date "2006.11.19"]
[Round "3.3"]
[White "Carmeille, Ludovic"]
[Black "Kauch, Markus"]
[Result "1-0"]
[WhiteElo "2301"]
[BlackElo "2244"]
[PlyCount "57"]
[EventDate "2006.10.15"]
[EventType "team-tourn"]
[EventRounds "11"]
[EventCountry "GER"]
[SourceTitle "EXT 2008"]
[Source "ChessBase"]
[SourceDate "2007.11.25"]
[SourceVersion "1"]
[SourceVersionDate "2007.11.25"]
[SourceQuality "1"]
[WhiteTeam "Frankfurt BvK"]
[BlackTeam "Dotzheim"]
[WhiteTeamCountry "GER"]
[BlackTeamCountry "GER"]

1. e4 c5 2. Nf3 Nc6 3. d4 cxd4 4. Nxd4 e5 5. Nb5 d6 6. c4 Be7 7. N1c3 a6 8. Na3 Be6 9. Bd3 Bg5 10. 0-0 Bxc1 11. Rxc1 Nge7 12. Nc2 0-0 13. Ne3 Nd4 14. Qd2 b5 15. cxb5 axb5 16. Nxb5 Rxa2 17. Nxd4 exd4 18. Nf5 Bxf5 19. exf5 Qb6 20. f6 gxf6 21. Qh6 Ng6 22. h4 Qxb2 23. Rc2 Qb3 24. Rxa2 Qxa2 25. h5 Qb3 26. hxg6 hxg6 27. Bxg6 fxg6 28. Qxg6+ Kh8 29. Ra1 1-0

[Event "Seefeld op 17th"]
[Site "Seefeld"]
[Date "2006.09.29"]
[Round "7"]
[White "Jandke, Manfred"]
[Black "Kauch, Markus"]
[Result "1-0"]
[WhiteElo "2156"]
[BlackElo "2244"]
[PlyCount "45"]
[EventDate "2006.09.23"]
[EventType "swiss"]
[EventRounds "9"]
[EventCountry "AUT"]
[SourceTitle "EXT 2009"]
[Source "ChessBase"]
[SourceDate "2008.11.26"]
[SourceVersion "1"]
[SourceVersionDate "2008.11.26"]
[SourceQuality "1"]

1. Nf3 d6 2. d4 f5 3. Nc3 Nf6 4. Qd3 d5 5. Ne5 c6 6. g4 g6 7. f3 Na6 8. a3 Bg7 9. Bd2 0-0 10. gxf5 Bxf5 11. e4 Be6 12. Nxc6 bxc6 13. Qxa6 Rb8 14. 0-0-0 dxe4 15. fxe4 Rb6 16. Qxa7 Ng4 17. Na4 Qxd4 18. Qxb6 Qxa4 19. Bh3 Bd4 20. Qb4 Qa7 21. Bxg4 Bxg4 22. Qc4+ e6 23. Rde1 1-0

[Event "Seefeld op 17th"]
[Site "Seefeld"]
[Date "2006.09.27"]
[Round "5"]
[White "Schmidt, Juergen"]
[Black "Kauch, Markus"]
[Result "1/2-1/2"]
[WhiteElo "2122"]
[BlackElo "2244"]
[PlyCount "36"]
[EventDate "2006.09.23"]
[EventType "swiss"]
[EventRounds "9"]
[EventCountry "AUT"]
[SourceTitle "EXT 2009"]
[Source "ChessBase"]
[SourceDate "2008.11.26"]
[SourceVersion "1"]
[SourceVersionDate "2008.11.26"]
[SourceQuality "1"]

1. e4 b6 2. Nc3 Bb7 3. Nf3 e6 4. d4 Nf6 5. e5 Ne4 6. Nxe4 Bxe4 7. Bd3 Bxd3 8. Qxd3 d5 9. 0-0 Be7 10. b3 0-0 11. a4 a5 12. c3 c5 13. Be3 Nc6 14. Rab1 Qc7 15. Ng5 g6 16. f4 cxd4 17. Bxd4 Nxd4 18. cxd4 Rac8 1/2-1/2

[Event "Oberliga Ost-B 0506"]
[Site "Germany"]
[Date "2005.11.27"]
[Round "3"]
[White "Schneider, Heiko"]
[Black "Kauch, Markus"]
[Result "1-0"]
[WhiteElo "2206"]
[BlackElo "2232"]
[PlyCount "59"]
[EventDate "2005.11.13"]
[EventType "team-tourn"]
[EventRounds "11"]
[EventCountry "GER"]
[SourceTitle "CBM 109 Extra"]
[Source "ChessBase"]
[SourceDate "2006.01.03"]
[SourceVersion "2"]
[SourceVersionDate "2006.01.03"]
[SourceQuality "1"]

1. e4 c5 2. Nf3 Nc6 3. Nc3 e6 4. d4 cxd4 5. Nxd4 d6 6. Bc4 Nf6 7. Be3 Be7 8. Qe2 a6 9. Bb3 0-0 10. 0-0-0 Qc7 11. Rhg1 Na5 12. g4 b5 13. g5 Nxb3+ 14. axb3 Nd7 15. f4 b4 16. Nf5 exf5 17. Nd5 Qd8 18. exf5 Re8 19. f6 Bf8 20. fxg7 Bxg7 21. Qd3 Rxe3 22. Qxe3 Bb7 23. Ne7+ Kh8 24. Rxd6 Qc7 25. Rgd1 Nc5 26. Nf5 Ne4 27. Nxg7 Qa5 28. Kb1 Nxd6 29. Qd4 Nb5 30. Qf6 1-0

[Event "Karl Mala Memorial op 09th"]
[Site "Frankfurt"]
[Date "2005.07.31"]
[Round "6"]
[White "Haub, Thorsten Michael"]
[Black "Kauch, Markus"]
[Result "1-0"]
[WhiteElo "2446"]
[BlackElo "2235"]
[PlyCount "85"]
[EventDate "2005.07.28"]
[EventType "swiss"]
[EventRounds "7"]
[EventCountry "GER"]
[SourceTitle "EXT 2006"]
[Source "ChessBase"]
[SourceDate "2005.11.24"]
[SourceVersion "1"]
[SourceVersionDate "2005.11.24"]
[SourceQuality "1"]

1. Nf3 c5 2. g3 Nc6 3. d3 g6 4. Bg2 Bg7 5. 0-0 d6 6. e4 e5 7. c3 Nge7 8. Nbd2 0-0 9. Nh4 Be6 10. f4 f5 11. Ndf3 h6 12. Be3 b6 13. Qd2 exf4 14. gxf4 Qd7 15. Kh1 d5 16. exf5 Bxf5 17. d4 cxd4 18. Nxd4 Be4 19. Rad1 Kh7 20. Bxe4 dxe4 21. Qg2 Nxd4 22. Bxd4 Qe6 23. Bxg7 Kxg7 24. Rd4 Nf5 25. Rxe4 Nxh4 26. Rxe6 Nxg2 27. Kxg2 Rae8 28. Rxe8 Rxe8 29. Kf3 Kf6 30. Rd1 Re7 31. c4 Kf5 32. h4 Rc7 33. b3 Re7 34. a3 Kf6 35. Rd6+ Kf5 36. h5 gxh5 37. Rxh6 Re1 38. Rxh5+ Kg6 39. Rb5 Rc1 40. a4 Kf6 41. Ke4 Re1+ 42. Kd3 Rc1 43. a5 1-0

[Event "Karl Mala Memorial op 09th"]
[Site "Frankfurt"]
[Date "2005.07.30"]
[Round "4"]
[White "Kauch, Markus"]
[Black "Kunin, Vitaly L"]
[Result "1/2-1/2"]
[WhiteElo "2235"]
[BlackElo "2448"]
[PlyCount "50"]
[EventDate "2005.07.28"]
[EventType "swiss"]
[EventRounds "7"]
[EventCountry "GER"]
[SourceTitle "EXT 2006"]
[Source "ChessBase"]
[SourceDate "2005.11.24"]
[SourceVersion "1"]
[SourceVersionDate "2005.11.24"]
[SourceQuality "1"]

1. c4 e5 2. g3 d5 3. cxd5 Qxd5 4. Nf3 Bb4 5. Nc3 Bxc3 6. dxc3 Qxd1+ 7. Kxd1 f6 8. e4 Ne7 9. Be3 a5 10. Nd2 Be6 11. Bc4 Kf7 12. Ke2 b6 13. h4 Nbc6 14. f4 Bxc4+ 15. Nxc4 exf4 16. Bxf4 Rac8 17. Rad1 Rhd8 18. h5 Rxd1 19. Rxd1 Ke6 20. Ne3 Ne5 21. Nc2 N7c6 22. Nd4+ Ke7 23. Nf5+ Kf7 24. Nd4 Ke7 25. Nf5+ Kf7 1/2-1/2

[Event "Karl Mala Memorial op 09th"]
[Site "Frankfurt"]
[Date "2005.07.29"]
[Round "2"]
[White "Kauch, Markus"]
[Black "Michels, Marius"]
[Result "1-0"]
[WhiteElo "2235"]
[BlackElo "1561"]
[PlyCount "35"]
[EventDate "2005.07.28"]
[EventType "swiss"]
[EventRounds "7"]
[EventCountry "GER"]
[SourceTitle "EXT 2006"]
[Source "ChessBase"]
[SourceDate "2005.11.24"]
[SourceVersion "1"]
[SourceVersionDate "2005.11.24"]
[SourceQuality "1"]

1. Nf3 d5 2. g3 g6 3. Bg2 Bg7 4. 0-0 Nf6 5. d3 0-0 6. Nbd2 b6 7. c4 c5 8. cxd5 Nxd5 9. Qa4 Bb7 10. a3 Nc6 11. Ne4 e6 12. Rb1 Qe7 13. Bg5 f6 14. Bd2 f5 15. Nc3 Rfd8 16. Bg5 Bf6 17. Qh4 Ne5 18. Nxd5 1-0

[Event "Oberliga Ost-B 0405"]
[Site "Germany"]
[Date "2005.01.30"]
[Round "8.3"]
[White "Kauch, Markus"]
[Black "Telljohann, Sven"]
[Result "0-1"]
[WhiteElo "2241"]
[BlackElo "2421"]
[PlyCount "60"]
[EventDate "2004.10.10"]
[EventType "team-tourn"]
[EventRounds "11"]
[EventCountry "GER"]
[SourceTitle "EXT 2006"]
[Source "ChessBase"]
[SourceDate "2005.11.24"]
[SourceVersion "1"]
[SourceVersionDate "2005.11.24"]
[SourceQuality "1"]
[WhiteTeam "Wiesbaden Dotzheim"]
[BlackTeam "Schoeneck"]
[WhiteTeamCountry "GER"]
[BlackTeamCountry "GER"]

1. Nf3 c5 2. c4 g6 3. g3 Bg7 4. Bg2 Nc6 5. 0-0 a6 6. Nc3 Rb8 7. a4 d6 8. d3 Nf6 9. h3 0-0 10. e4 Ne8 11. Nh2 Nc7 12. f4 b5 13. f5 Ne5 14. Ng4 bxc4 15. dxc4 Nxg4 16. Qxg4 Rb4 17. Qe2 a5 18. h4 Ba6 19. Nb5 Na8 20. fxg6 fxg6 21. Bh3 Rxf1+ 22. Qxf1 Bc8 23. Ra3 Nc7 24. Bd2 Nxb5 25. axb5 Bd4+ 26. Kh1 Rxb2 27. Bxa5 Bxh3 28. Qxh3 Rb1+ 29. Kh2 Qf8 30. Bd2 Bg1+ 0-1

[Event "Oberliga Ost-B 0405"]
[Site "Germany"]
[Date "2004.10.10"]
[Round "1.3"]
[White "Rajlich, Vasik G"]
[Black "Kauch, Markus"]
[Result "1-0"]
[WhiteElo "2317"]
[BlackElo "2241"]
[PlyCount "49"]
[EventDate "2004.10.10"]
[EventType "team-tourn"]
[EventRounds "11"]
[EventCountry "GER"]
[SourceTitle "EXT 2006"]
[Source "ChessBase"]
[SourceDate "2005.11.24"]
[SourceVersion "1"]
[SourceVersionDate "2005.11.24"]
[SourceQuality "1"]
[WhiteTeam "Hungen Lich"]
[BlackTeam "Wiesbaden Dotzheim"]
[WhiteTeamCountry "GER"]
[BlackTeamCountry "GER"]

1. e4 c5 2. Nf3 Nc6 3. d4 cxd4 4. Nxd4 e5 5. Nb5 d6 6. c4 Be7 7. N1c3 a6 8. Na3 Be6 9. Nd5 Rc8 10. Bd3 Bg5 11. 0-0 Bxc1 12. Rxc1 Nge7 13. Qb3 Nd4 14. Qxb7 Ng6 15. Nc2 0-0 16. Nxd4 exd4 17. Qa7 Bxd5 18. exd5 Qf6 19. Bxg6 fxg6 20. b4 a5 21. b5 Ra8 22. Qb6 Rab8 23. Qxa5 Qg5 24. Rcd1 Rf4 25. Rxd4 1-0

[Event "Oberliga Ost-B 0304"]
[Site "Germany"]
[Date "2003.11.22"]
[Round "2.3"]
[White "Klink, Robert"]
[Black "Kauch, Markus"]
[Result "0-1"]
[WhiteElo "2284"]
[BlackElo "2273"]
[PlyCount "74"]
[EventDate "2003.11.02"]
[EventType "team-tourn"]
[EventRounds "11"]
[EventCountry "GER"]
[SourceTitle "EXT 2005"]
[Source "ChessBase"]
[SourceDate "2004.11.15"]
[SourceVersion "1"]
[SourceVersionDate "2004.11.15"]
[SourceQuality "1"]
[WhiteTeam "Kassel Hermania"]
[BlackTeam "Dotzheim"]
[WhiteTeamCountry "GER"]
[BlackTeamCountry "GER"]

1. e4 c5 2. Nf3 Nc6 3. d4 cxd4 4. Nxd4 e5 5. Nb5 d6 6. c4 Be7 7. N1c3 a6 8. Na3 Be6 9. Be2 Bg5 10. 0-0 Bxc1 11. Rxc1 Nf6 12. Qd3 0-0 13. Nd5 Bxd5 14. exd5 e4 15. Qg3 Nd4 16. Rfe1 Re8 17. Qe3 Nf5 18. Qf4 g6 19. Nc2 Qe7 20. Bg4 Nxg4 21. Qxg4 Qe5 22. Rb1 Rac8 23. Qe2 b5 24. cxb5 axb5 25. Nb4 Rc4 26. a3 e3 27. g3 Rd4 28. fxe3 Re4 29. Qf2 Nxe3 30. Rbc1 Ng4 31. Rxe4 Qxe4 32. Qd2 Ne5 33. Qf4 Nf3+ 34. Kh1 Qe2 35. Qh6 Ne1 36. Qh3 Qf3+ 37. Kg1 Qe3+ 0-1

[Event "Karl Mala Memorial op 07th"]
[Site "Griesheim"]
[Date "2003.07.26"]
[Round "4"]
[White "Kauch, Markus"]
[Black "Kuhn, Ulf"]
[Result "1-0"]
[WhiteElo "2280"]
[BlackElo "2015"]
[PlyCount "33"]
[EventDate "2003.07.24"]
[EventType "swiss"]
[EventRounds "7"]
[EventCountry "GER"]
[SourceTitle "EXT 2004"]
[Source "ChessBase"]
[SourceDate "2003.11.25"]
[SourceVersion "1"]
[SourceVersionDate "2003.11.25"]
[SourceQuality "1"]

1. d4 f5 2. c4 Nf6 3. Nc3 g6 4. h4 Bg7 5. h5 Nxh5 6. e4 Nf6 7. Bd3 e6 8. e5 Ng8 9. Nf3 h5 10. Bg5 Ne7 11. Nh4 Kf7 12. Qf3 Nbc6 13. Qg3 Qe8 14. Nb5 Rb8 15. Nxc7 Qd8 16. Nb5 Qa5+ 17. Bd2 1-0

[Event "Karl Mala Memorial op 07th"]
[Site "Griesheim"]
[Date "2003.07.24"]
[Round "1"]
[White "Mueller, Thorsten"]
[Black "Kauch, Markus"]
[Result "1/2-1/2"]
[WhiteElo "2077"]
[BlackElo "2280"]
[PlyCount "82"]
[EventDate "2003.07.24"]
[EventType "swiss"]
[EventRounds "7"]
[EventCountry "GER"]
[SourceTitle "EXT 2004"]
[Source "ChessBase"]
[SourceDate "2003.11.25"]
[SourceVersion "1"]
[SourceVersionDate "2003.11.25"]
[SourceQuality "1"]

1. e4 c5 2. Nf3 Nc6 3. d4 cxd4 4. Nxd4 e5 5. Nb5 d6 6. N1c3 a6 7. Na3 b5 8. Nd5 Nf6 9. Bg5 Be7 10. Bxf6 Bxf6 11. c3 Bb7 12. Nc2 Nb8 13. a4 bxa4 14. Rxa4 Nd7 15. Rb4 Ra7 16. Nce3 0-0 17. Bd3 Nc5 18. Bc2 Bg5 19. Nf5 a5 20. Rb6 Ra6 21. Rxa6 Bxa6 22. h4 Bf6 23. b4 axb4 24. cxb4 Ne6 25. Bd3 Bb7 26. Nxf6+ Qxf6 27. Nxd6 Qe7 28. Nxb7 Qxb4+ 29. Qd2 Qxb7 30. 0-0 Rd8 31. Qc2 Qd7 32. Bc4 Nd4 33. Qa2 Qe7 34. h5 Kh8 35. Bxf7 Rf8 36. Bc4 Qg5 37. f3 Qxh5 38. Qa3 Qe8 39. Rb1 Qa8 40. Qe7 Re8 41. Qf7 Rf8 1/2-1/2

[Event "Bad Woerishofen op 19th"]
[Site "Bad Woerishofen"]
[Date "2003.03.19"]
[Round "7"]
[White "Kauch, Markus"]
[Black "Bjarnason, Oskar"]
[Result "1-0"]
[WhiteElo "2263"]
[BlackElo "2195"]
[PlyCount "73"]
[EventDate "2003.03.13"]
[EventType "swiss"]
[EventRounds "9"]
[EventCountry "GER"]
[SourceTitle "CBM 093 Extra"]
[Source "ChessBase"]
[SourceDate "2003.05.09"]
[SourceVersion "1"]
[SourceVersionDate "2003.05.09"]
[SourceQuality "1"]

1. Nf3 d5 2. g3 Bg4 3. Bg2 Nd7 4. d3 c6 5. Nbd2 e6 6. 0-0 Bd6 7. Qe1 Ne7 8. e4 0-0 9. b3 a5 10. Bb2 a4 11. a3 axb3 12. cxb3 b5 13. Qe3 Bxf3 14. Nxf3 Qb6 15. Qe2 Ra6 16. h4 Rfa8 17. b4 c5 18. Ng5 h6 19. exd5 exd5 20. Nxf7 Kxf7 21. Rae1 Nf8 22. Qg4 g6 23. Qf3+ Ke8 24. Bg7 Nd7 25. Qxd5 Kd8 26. Qf7 R8a7 27. Bf6 Nxf6 28. Qxf6 Rxa3 29. Qf8+ Kd7 30. Bh3+ Kc6 31. Qe8+ Kd5 32. Be6+ Kd4 33. Qh8+ Kxd3 34. Qb2 cxb4 35. Rd1+ Ke4 36. Rfe1+ Kf3 37. Qe2# 1-0

[Event "Bad Woerishofen op 19th"]
[Site "Bad Woerishofen"]
[Date "2003.03.13"]
[Round "1"]
[White "Kauch, Markus"]
[Black "Mittelsteiner, Horst"]
[Result "1-0"]
[WhiteElo "2263"]
[BlackElo "1997"]
[PlyCount "55"]
[EventDate "2003.03.13"]
[EventType "swiss"]
[EventRounds "9"]
[EventCountry "GER"]
[SourceTitle "CBM 093 Extra"]
[Source "ChessBase"]
[SourceDate "2003.05.09"]
[SourceVersion "1"]
[SourceVersionDate "2003.05.09"]
[SourceQuality "1"]

1. Nf3 d5 2. g3 Nf6 3. Bg2 Bg4 4. c4 Bxf3 5. Bxf3 c6 6. Qb3 Qd7 7. d4 e6 8. Nc3 Be7 9. Bf4 0-0 10. 0-0 h6 11. Rad1 Na6 12. e4 dxc4 13. Qxc4 Rac8 14. Rfe1 Nh7 15. h4 g5 16. hxg5 Bxg5 17. Bxg5 hxg5 18. e5 Qe7 19. Qe2 Nc7 20. Be4 Kg7 21. Bxh7 Kxh7 22. Ne4 Kg6 23. Qd3 Kg7 24. Nf6 Rh8 25. Qd2 Kg6 26. Re4 Rh5 27. Qd3 Rch8 28. Rh4+ 1-0

[Event "Bayern-chI Bank Hofmann 6th"]
[Site "Bad Wiessee"]
[Date "2002.11.02"]
[Round "8"]
[White "Schoene, Maria"]
[Black "Kauch, Markus"]
[Result "1/2-1/2"]
[WhiteElo "2043"]
[BlackElo "2261"]
[PlyCount "56"]
[EventDate "2002.10.26"]
[EventType "swiss"]
[EventRounds "9"]
[EventCountry "GER"]
[SourceTitle "EXT 2003"]
[Source "ChessBase"]
[SourceDate "2002.11.25"]
[SourceVersion "1"]
[SourceVersionDate "2002.11.25"]
[SourceQuality "1"]

1. e4 g6 2. d4 Bg7 3. Nc3 c6 4. Be3 Qb6 5. Rb1 d6 6. h3 Nd7 7. Nf3 Qc7 8. Bd3 Ngf6 9. a4 0-0 10. 0-0 e5 11. dxe5 dxe5 12. Qd2 Re8 13. Bc4 Nb6 14. Bb3 Be6 15. Bxe6 Rxe6 16. Qe2 Rd8 17. Rfd1 Ree8 18. b3 Nh5 19. Rxd8 Rxd8 20. Rd1 Nf4 21. Rxd8+ Qxd8 22. Qd2 Qxd2 23. Bxd2 Ne6 24. Kf1 Nc8 25. Ke2 Nd6 26. Be3 a6 27. Ne1 f5 28. Nd3 Nd4+ 1/2-1/2